| 000 | 02116fam a2200325 a 4500 | ||
|---|---|---|---|
| 001 | 1433375 | ||
| 003 | 000018 | ||
| 005 | 20220326193244.0 | ||
| 008 | 930820s1994 nyua b 001 0 eng | ||
| 010 | _a 93036230 | ||
| 020 | _a0415905915 | ||
| 020 | _a0415905923 (pbk.) | ||
| 035 | _a(OCoLC)28890180 | ||
| 035 | _a(OCoLC)ocm28890180 | ||
| 035 | _a(NNC)1433375 | ||
| 040 |
_aDLC _cDLC _dNNC |
||
| 050 | 0 | 0 |
_aNX180.A77 _bS83 1994 |
| 082 | 0 | 0 |
_a700.103 _bB395.s |
| 245 | 0 | 4 |
_aThe Subversive imagination : _bartist, society, and social responsibility / _cCarol Becker, editor. |
| 260 |
_aNew York : _bRoutledge, _c1994. |
||
| 263 | _a9403 | ||
| 300 |
_axx, 258 p. : _bill. ; _c24 cm. |
||
| 504 | _aIncludes bibliographical references and index. | ||
| 505 | 0 | _aIntroduction: Presenting the Problem / Carol Becker -- Pt. 1. Personal Responsibility and Political Contingencies. 1. The Prehistory of Art: Cultural Practices and Athenian Democracy / Page duBois. 2. A Plea for Irresponsibility / Ewa Kuryluk. 3. Dead Doll Prophecy / Kathy Acker. 4. The Heuristic Power of Art / Elizam Escobar. 5. Place, Position, Power, Politics / Martha Rosler. 6. The Velvet Revolution and Iron Necessity / Eva Hauser. 7. El Diario de Miranda/Miranda's Diary / Coco Fusco -- Pt. 2. Decolonizing the Imagination. 8. Herbert Marcuse and the Subversive Potential of Art / Carol Becker. 9. East and West - The Twain Do Meet: A Tale of More than Two Worlds / Felipe Ehrenberg. 10. Defining South African Literature for a New Nation / Njabulo S. Ndebele. 11. The Politics of Black Masculinity and the Ghetto in Black Film / Michael Eric Dyson. 12. Adjusting to the World According to Salman Rushdie / Ahmad Sadri -- Pt. 3. Theorizing the Future. | |
| 505 | 0 | _a13. Benetton's "World Without Borders": Buying Social Change / Henry A. Giroux. 14. The Free Art Agreement/El Tratado de Libre Cultura / Guillermo Gomez-Pena. 15. Dissed and Disconnected: Notes on Present Ills and Future Dreams / B. Ruby Rich. | |
| 650 | 0 |
_aArtists and community. _96 |
|
| 650 | 0 |
_aArtists _xPsychology. _97 |
|
| 700 | 1 |
_aBecker, Carol. _98 |
|
| 999 |
_c4 _d4 |
||